00702nam a2200241 a 4500001001300000003000900013005001700022008004100039020001200080082001600092100002000108245001600128260003300144300000900177500003500186505005100221650002100272700002000293902000800313942000700321952011700328999001500445nice12345678IN_TiNIC20260116013123.0050524s1994 lona grp 000 0 eng  ac416.500a181.4bKRI3 aKrishnamurti, J aOn Conflict aLondonbHarper Collinsc1994 a138p aincludes index and biblioraphy2 aBibliography, Sources, Glossary, Abbreviations aPhilosophy-Hindu1 aKrishnamurti, J bSRS cBK 001040708StackRoom-aHMIbHMId2007-07-31g416.50l0o181.4 KRI3p018472r2007-07-31v416.50w2005-05-24yBK c9734d9734